000 00561nam a2200193Ia 4500
999 _c29547
_d29547
003 GCL
005 20240530102050.0
008 140319s9999 xx 000 0 ara d
040 _aGCL /
_cGCL
082 0 4 _a239
_bح د
100 0 _aحسين مؤنس
245 1 0 _aدراسات فى السيرة النبوية /
_cحسين مؤنس
260 _a[S.N] :
_bالزهراء للاعلام العربى ،
_c1985
300 _a326 ص
650 0 4 _aالاسلام
650 0 4 _aالسيرة النبوية
650 0 4 _aالديانات
942 _2ddc
_cBK